000 00316nam a22001337a 4500
008 170411b xxu||||| |||| 00| 0 eng d
020 _a9780534555214
041 _aeng
080 _23RD
_a612.39
100 _a9
101 _aSHM
245 _aADVANCED NUTRITION AND HUMAN METABOLISM
_cGROFF, J,L
942 _2udc
_cBK
999 _c10347
_d10347